| 000 | 01057cam a2200289 a 4500 | ||
|---|---|---|---|
| 001 | 15652825 | ||
| 005 | 20141114155452.0 | ||
| 008 | 090309s2010 maua b 001 0 eng | ||
| 010 | _a 2009007615 | ||
| 020 | _a9780205724604 | ||
| 020 | _a0205650805 | ||
| 040 |
_aDLC _cDLC |
||
| 050 | 0 | 0 |
_aHM 1206 _b.Al43 2010 |
| 082 | 0 | 0 | _a302.2 |
| 100 | 1 | _aAlberts, Jess K. | |
| 245 | 1 | 0 |
_aHuman communication in society / _cJess K. Alberts, Thomas A. Nakayama, Judith N. Martin. |
| 250 | _a2nd ed. | ||
| 260 |
_aBoston, MA : _bPearson Higher Education, _c2010. |
||
| 300 |
_axix, 413 pages : _billustrations (some colored) ; _c28 cm. |
||
| 504 | _aIncludes bibliographical references and index. | ||
| 650 | 0 |
_aCommunication _xSocial aspects. |
|
| 700 | 1 | _aNakayama, Thomas K. | |
| 700 | 1 | _aMartin, Judith N. | |
| 906 |
_a7 _bcbc _corignew _d1 _eecip _f20 _gy-gencatlg |
||
| 942 |
_2lcc _cBK _kFOR |
||
| 999 |
_c276799 _d276799 |
||